[Event "FIDE World Bl Team Pool C"]
[Site "London ENG"]
[Date "2025.06.14"]
[Round "13.1"]
[White "Pert, Nicholas"]
[Black "Samadov, Read"]
[Result "0-1"]
[WhiteTitle "GM"]
[BlackTitle "IM"]
[WhiteElo "2509"]
[BlackElo "2522"]
[WhiteTeam "e-therapeutics"]
[BlackTeam "Rookies"]
[WhiteFideId "403989"]
[BlackFideId "13417444"]
[EventDate "2025.06.14"]
[EventType "team"]

1. d4 Nf6 2. Nf3 d5 3. c4 e6 4. Nc3 Nbd7 5. Bf4 dxc4 6. e3 Nd5 7. Bxc4 Nxf4 8.
exf4 Nb6 9. Bb3 g6 10. Qe2 Bg7 11. Rd1 O-O 12. O-O a5 13. a3 a4 14. Bc2 Nd5 15.
g3 Nxc3 16. bxc3 Qd6 17. Qd2 Bd7 18. Ne5 Rfd8 19. Qc1 Be8 20. h4 Bf8 21. Nc4 Qd5
22. Ne3 Qa2 23. Ng4 Qxa3 24. Nf6+ Kg7 25. Nxe8+ Rxe8 26. Qxa3 Bxa3 27. Ra1 Bb2
28. Rxa4 Rxa4 29. Bxa4 Ra8 30. Bb5 c6 31. Be2 Bxc3 32. Rb1 Ra7 33. Rd1 Ra1 34.
Rxa1 Bxa1 35. Kf1 Bxd4 36. Bf3 Kf8 37. Ke2 Ke7 38. h5 Kd6 39. Be4 b5 40. g4 gxh5
41. gxh5 f5 42. Bd3 Kc5 43. f3 0-1

[Event "FIDE World Bl Team Pool C"]
[Site "London ENG"]
[Date "2025.06.14"]
[Round "13.2"]
[White "Sapenov, Daniyal"]
[Black "Pert, Richard G"]
[Result "1-0"]
[WhiteTitle "IM"]
[BlackTitle "IM"]
[WhiteElo "2405"]
[BlackElo "2416"]
[WhiteTeam "Rookies"]
[BlackTeam "e-therapeutics"]
[WhiteFideId "13728911"]
[BlackFideId "404748"]
[EventDate "2025.06.14"]
[EventType "team"]

1. Nf3 d5 2. d4 Nf6 3. g3 g6 4. Bg2 Bg7 5. O-O O-O 6. c4 dxc4 7. Na3 a5 8. Nxc4
a4 9. Bg5 Be6 10. Nce5 c6 11. Qc1 Nbd7 12. Rd1 Bd5 13. Nxd7 Qxd7 14. Bh6 Qe6 15.
Bxg7 Kxg7 16. e3 Bxa2 17. Ng5 Qc4 18. Qd2 Bb3 19. Rdc1 Qb5 20. Rc5 Qb6 21. Rac1
h6 22. Nh3 Bd5 23. f3 a3 24. bxa3 Rxa3 25. Nf4 Rfa8 26. e4 Ra2 27. R5c2 Bb3 28.
Rxa2 Rxa2 29. Qc3 e5 30. Rb1 exf4 31. Rxb3 Qa6 32. Bf1 Ra1 33. Qd3 Qxd3 34. Rxd3
fxg3 35. hxg3 Nh5 36. f4 f5 37. e5 g5 38. fxg5 hxg5 39. Kf2 f4 40. gxf4 Nxf4 41.
Rb3 b5 42. Rc3 Ra2+ 43. Kf3 b4 44. Rxc6 Ra3+ 45. Ke4 b3 46. Rb6 Nh5 47. Bc4 Ng3+
48. Kd5 Nf5 49. Bxb3 g4 50. Ke4 Nh4 51. Rb7+ Kh6 52. Kf4 Ng6+ 53. Kxg4 Ra1 54.
Kf5 Rf1+ 55. Ke4 Kg5 56. Kd5 Rf3 57. Bc2 Nf4+ 58. Kd6 Rc3 59. Be4 Re3 60. Bc6
Nd3 61. e6 Nf2 62. e7 1-0

[Event "FIDE World Bl Team Pool C"]
[Site "London ENG"]
[Date "2025.06.14"]
[Round "13.3"]
[White "Mortazavi, Ali"]
[Black "Shogdzhiev, Roman"]
[Result "0-1"]
[WhiteTitle "IM"]
[BlackTitle "FM"]
[WhiteElo "2333"]
[BlackElo "2402"]
[WhiteTeam "e-therapeutics"]
[BlackTeam "Rookies"]
[WhiteFideId "401323"]
[BlackFideId "55653537"]
[EventDate "2025.06.14"]
[EventType "team"]

1. Nf3 d5 2. g3 Nf6 3. Bg2 g6 4. O-O Bg7 5. d3 O-O 6. Nbd2 c5 7. e3 Nc6 8. e4 e5
9. c3 h6 10. Qa4 Be6 11. Nb3 c4 12. Nc5 cxd3 13. Nxe6 fxe6 14. Nd2 Qb6 15. h3
Rad8 16. Nb3 dxe4 17. Be3 Qc7 18. Qc4 Rfe8 19. Bxe4 b5 20. Qxc6 Qf7 21. Rad1 Rc8
22. Qxb5 Nxe4 23. Qxd3 Nf6 24. Nc5 Nd5 25. Ne4 Rc6 26. Kg2 Rf8 27. Qe2 Qf5 28.
f3 Kh7 29. c4 Rxc4 30. Nd6 Rc2 31. Rd2 Rxd2 32. Qxd2 Qc2 33. Rf2 Qa4 34. b3 Qc6
35. Ne4 Rc8 36. h4 Qc2 37. Bxa7 Qb1 38. Rf1 Qc2 39. Bc5 Rxc5 40. Qxc2 Rxc2+ 41.
Kh3 Rxa2 42. Rb1 Nb4 43. Rc1 Rc2 44. Rd1 Rc7 45. h5 gxh5 46. Rd6 Re7 47. Nc5 Kg6
48. Kh4 Bf6+ 49. Kh3 Kf7 50. Ne4 Nd5 51. Rd8 Rc7 52. Ra8 Kg7 53. Nd6 Rc3 54.
Ra7+ Kg6 55. Kg2 Rxb3 56. Ra6 h4 57. g4 Nf4+ 58. Kf2 Rb2+ 59. Kf1 h3 60. Ne4 h2
61. Ng3 Rg2 62. g5 Rxg3 0-1

[Event "FIDE World Bl Team Pool C"]
[Site "London ENG"]
[Date "2025.06.14"]
[Round "13.4"]
[White "Nurman, Alua"]
[Black "Sivanandan, Bodhana"]
[Result "1-0"]
[WhiteTitle "WGM"]
[BlackTitle "WFM"]
[WhiteElo "2339"]
[BlackElo "2109"]
[WhiteTeam "Rookies"]
[BlackTeam "e-therapeutics"]
[WhiteFideId "13729390"]
[BlackFideId "497592"]
[EventDate "2025.06.14"]
[EventType "team"]

1. e4 e5 2. Nf3 Nf6 3. Nxe5 d6 4. Nf3 Nxe4 5. Nc3 Nxc3 6. dxc3 Be7 7. Bf4 O-O 8.
Qd2 Nd7 9. O-O-O Nf6 10. Bd3 Bg4 11. h3 Bxf3 12. gxf3 Re8 13. Rhg1 Bf8 14. Bg5
Kh8 15. Qf4 h6 16. h4 d5 17. Qf5 hxg5 18. hxg5 g6 19. Rh1+ Kg7 20. gxf6+ Qxf6
21. Rh7+ Kxh7 22. Qxf6 Bh6+ 23. Kb1 Rf8 24. Rh1 Rae8 25. Qh4 Kg7 26. Qxh6+ Kf6
27. Qf4+ Kg7 28. Qxc7 Rh8 29. Rg1 Kf8 30. a4 Rh2 31. Qxh2 Kg7 32. Qc7 b6 33.
Rxg6+ Kf8 34. Rf6 Re7 35. Qd8+ Re8 36. Qd6+ Kg7 37. Rf4 Re6 38. Qd7 Rf6 39. Qg4+ 1-0

[Event "FIDE World Bl Team Pool C"]
[Site "London ENG"]
[Date "2025.06.14"]
[Round "13.5"]
[White "Pert, Max"]
[Black "Suleimen, Ergali"]
[Result "0-1"]
[WhiteTitle "FM"]
[BlackTitle "FM"]
[WhiteElo "2277"]
[BlackElo "2302"]
[WhiteTeam "e-therapeutics"]
[BlackTeam "Rookies"]
[WhiteFideId "456845"]
[BlackFideId "13724452"]
[EventDate "2025.06.14"]
[EventType "team"]

1. d4 Nf6 2. Bg5 d5 3. e3 c5 4. Bxf6 gxf6 5. dxc5 e6 6. c4 dxc4 7. Nd2 Bxc5 8.
Bxc4 Nc6 9. Ngf3 O-O 10. O-O f5 11. a3 Qf6 12. b4 Bb6 13. Qe2 Bd7 14. e4 Nd4 15.
Nxd4 Bxd4 16. Rad1 Bc6 17. Nf3 Bb6 18. Bd3 Rad8 19. exf5 exf5 20. Qe5 Qxe5 21.
Nxe5 Ba4 22. Rde1 f4 23. Be4 Bb5 24. Ng4 Bxf1 25. Kxf1 Rd2 26. Re2 Rd1+ 27. Re1
Rd2 28. Re2 Rfd8 29. Bxb7 Kg7 30. Ba6 Rxe2 31. Kxe2 h5 32. Kf3 hxg4+ 33. Kxg4
Bxf2 34. Kxf4 Rd6 35. Bb5 Bd4 36. a4 Bc3 37. g4 Bxb4 38. h4 0-1

[Event "FIDE World Bl Team Pool C"]
[Site "London ENG"]
[Date "2025.06.14"]
[Round "13.6"]
[White "Dauren, Darmen"]
[Black "Mortazavi, Sami"]
[Result "1-0"]
[WhiteElo "2008"]
[BlackElo "1805"]
[WhiteTeam "Rookies"]
[BlackTeam "e-therapeutics"]
[WhiteFideId "13755579"]
[BlackFideId "343443834"]
[EventDate "2025.06.14"]
[EventType "team"]

1. d4 g6 2. e4 Bg7 3. Nf3 d6 4. c4 c5 5. d5 Nf6 6. Nc3 O-O 7. Bd3 e6 8. O-O exd5
9. exd5 Na6 10. a3 Nc7 11. h3 a6 12. Bf4 b5 13. cxb5 axb5 14. Nxb5 Nfxd5 15.
Nxc7 Nxc7 16. Be4 d5 17. Bxc7 Qxc7 18. Qxd5 Rb8 19. Rac1 Be6 20. Qxc5 Qxc5 21.
Rxc5 Rxb2 22. a4 Rb4 23. Bc2 Ra8 24. Rd1 Bb3 25. Bxb3 Rxb3 26. a5 Ra3 27. Rdd5
Bc3 28. Rd7 Bxa5 29. Rb5 Ra1+ 30. Kh2 Bc3 31. Rbb7 Rf8 32. g3 Ra2 33. Kg2 Bf6
34. h4 h5 35. Rd6 Bg7 36. Rdd7 Bf6 37. Rbc7 Ra3 38. Nd2 Ra4 39. Nc4 1-0

[Event "FIDE World Bl Team Pool C"]
[Site "London ENG"]
[Date "2025.06.14"]
[Round "13.1"]
[White "Mamedyarov, Shakhriyar"]
[Black "Tan, Justin2"]
[Result "1-0"]
[WhiteTitle "GM"]
[BlackTitle "GM"]
[WhiteElo "2746"]
[BlackElo "2512"]
[WhiteTeam "Generation XYZA"]
[BlackTeam "Wood Green Youth"]
[WhiteFideId "13401319"]
[BlackFideId "3206882"]
[EventDate "2025.06.14"]
[EventType "team"]

1. c4 e6 2. Nf3 d5 3. e3 Nf6 4. b3 c5 5. Bb2 Nc6 6. cxd5 exd5 7. Nc3 Bd6 8. Rc1
Bd7 9. Nb5 Be7 10. Bxf6 gxf6 11. Be2 a6 12. Nc3 Be6 13. d4 Rc8 14. O-O h5 15.
dxc5 Bxc5 16. Na4 Ba3 17. Rc2 Qe7 18. Nd4 Nb4 19. Rxc8+ Bxc8 20. Qd2 Be6 21. Nc3
Nc6 22. Nxc6 bxc6 23. Bxa6 h4 24. Ne2 h3 25. g3 Bb4 26. Qc2 Bd7 27. Bd3 Kf8 28.
Bf5 Be8 29. Nf4 Bd6 30. a4 Qe5 31. Bxh3 c5 32. Bg2 Bc6 33. Rd1 Qg5 34. Bxd5 Bxf4
35. exf4 Qh5 36. Bxc6 1-0

[Event "FIDE World Bl Team Pool C"]
[Site "London ENG"]
[Date "2025.06.14"]
[Round "13.2"]
[White "Derakhshani, Borna"]
[Black "Gurel, Ediz"]
[Result "0-1"]
[WhiteTitle "FM"]
[BlackTitle "GM"]
[WhiteElo "2348"]
[BlackElo "2636"]
[WhiteTeam "Wood Green Youth"]
[BlackTeam "Generation XYZA"]
[WhiteFideId "12518450"]
[BlackFideId "44507356"]
[EventDate "2025.06.14"]
[EventType "team"]

1. e4 c5 2. Nf3 e6 3. d4 cxd4 4. Nxd4 Nc6 5. Nc3 Qc7 6. Qd3 a6 7. a3 Nf6 8. Be2
Be7 9. O-O O-O 10. Rd1 d6 11. Qg3 Kh8 12. Nxc6 bxc6 13. b3 e5 14. Bb2 Be6 15. f4
exf4 16. Qxf4 Nd7 17. Na4 Ne5 18. Kh1 Bf6 19. Bd4 a5 20. Rd2 Qe7 21. Qg3 Rad8
22. Bb6 Rb8 23. Bd4 h6 24. Rad1 Rfd8 25. Bb6 Rd7 26. Be3 Bh4 27. Qf4 Bg5 28. Qg3
Bh4 29. Qf4 Re8 30. c4 Bg5 31. Qg3 Bh4 32. Qf4 Ng6 33. Qf1 Bg5 34. Qf2 Rb8 35.
Rb1 Ne5 36. Bxg5 Qxg5 37. Rdb2 Rdb7 38. Qe1 Qe3 39. Bf1 Qxe1 40. Rxe1 Rxb3 41.
Rd2 Rxa3 0-1

[Event "FIDE World Bl Team Pool C"]
[Site "London ENG"]
[Date "2025.06.14"]
[Round "13.3"]
[White "Solak, Dragan"]
[Black "Haydon, David L"]
[Result "1-0"]
[WhiteTitle "GM"]
[BlackTitle "FM"]
[WhiteElo "2591"]
[BlackElo "2284"]
[WhiteTeam "Generation XYZA"]
[BlackTeam "Wood Green Youth"]
[WhiteFideId "916811"]
[BlackFideId "415405"]
[EventDate "2025.06.14"]
[EventType "team"]

1. e4 c6 2. Nf3 d5 3. d3 Bg4 4. h3 Bxf3 5. Qxf3 e6 6. g3 Nf6 7. Nd2 Qc7 8. Bg2
Nbd7 9. Qe2 Be7 10. O-O O-O 11. Re1 dxe4 12. dxe4 e5 13. a4 a5 14. Nc4 Nb6 15.
Ne3 g6 16. b3 Bb4 17. Rd1 Rad8 18. Bb2 Rfe8 19. Qf3 Kg7 20. Rxd8 Rxd8 21. Rd1
Rxd1+ 22. Qxd1 Bc5 23. Qd3 Qe7 24. Kh2 h5 25. f4 h4 26. Bxe5 hxg3+ 27. Kxg3 Nd7
28. Bc3 Kg8 29. Bf3 Bxe3 30. Qxe3 Nd5 31. Qd4 Nxc3 32. Qxc3 Qc5 33. Qxc5 Nxc5
34. Kf2 Kf8 35. Ke3 Ke7 36. h4 Kd6 37. e5+ Ke7 38. Bg4 b6 39. Kd4 Na6 40. Bf3
Nb8 41. c3 Kd7 42. b4 Kc7 43. Bg4 axb4 44. cxb4 Na6 45. Kc4 c5 46. b5 Nb4 47. h5
gxh5 48. Bxh5 Nc2 49. Bxf7 Ne3+ 50. Kd3 Nd1 51. Ke4 1-0

[Event "FIDE World Bl Team Pool C"]
[Site "London ENG"]
[Date "2025.06.14"]
[Round "13.4"]
[White "Balaji, Aaravamudhan"]
[Black "Erdogmus, Yagiz Kaan"]
[Result "0-1"]
[WhiteTitle "IM"]
[BlackTitle "GM"]
[WhiteElo "2346"]
[BlackElo "2626"]
[WhiteTeam "Wood Green Youth"]
[BlackTeam "Generation XYZA"]
[WhiteFideId "436224"]
[BlackFideId "44599790"]
[EventDate "2025.06.14"]
[EventType "team"]

1. d4 Nf6 2. c4 b6 3. Nc3 Bb7 4. Qc2 Nc6 5. Nf3 Nb4 6. Qb1 Bxf3 7. exf3 g6 8. a3
Nc6 9. d5 Nd4 10. Be3 Nf5 11. Bf4 Bg7 12. Bd3 Nd4 13. O-O O-O 14. Qd1 c5 15. Re1
d6 16. Rb1 e5 17. dxe6 fxe6 18. Be3 Nh5 19. Ne4 Nf4 20. Bf1 d5 21. cxd5 exd5 22.
Nc3 Qd7 23. Rc1 Rae8 24. b4 Nh3+ 25. gxh3 Nxf3+ 26. Kh1 Qc7 27. Qxd5+ Kh8 28.
Qxf3 Rxf3 29. Bg2 Qf7 30. bxc5 bxc5 31. Na4 c4 32. Nc5 c3 33. Rc2 Rfxe3 34. fxe3
Qf5 35. Ne4 Rxe4 0-1

[Event "FIDE World Bl Team Pool C"]
[Site "London ENG"]
[Date "2025.06.14"]
[Round "13.5"]
[White "Salimova, Nurgyul"]
[Black "Camp, Imogen A L"]
[Result "1-0"]
[WhiteTitle "IM"]
[BlackTitle "WCM"]
[WhiteElo "2385"]
[BlackElo "1915"]
[WhiteTeam "Generation XYZA"]
[BlackTeam "Wood Green Youth"]
[WhiteFideId "2915138"]
[BlackFideId "1802240"]
[EventDate "2025.06.14"]
[EventType "team"]

1. d4 d5 2. Nf3 Nf6 3. c4 e6 4. Nc3 c6 5. g3 dxc4 6. Bg2 Bd6 7. e4 Bc7 8. O-O
Nbd7 9. e5 Nd5 10. Ne4 h6 11. Qc2 b5 12. b3 N7b6 13. h4 O-O 14. Bd2 a5 15. Qc1
a4 16. b4 Qe7 17. a3 Nd7 18. Re1 Bb7 19. g4 f5 20. exf6 N5xf6 21. Nxf6+ Qxf6 22.
g5 hxg5 23. Bxg5 1-0

[Event "FIDE World Bl Team Pool C"]
[Site "London ENG"]
[Date "2025.06.14"]
[Round "13.6"]
[White "Ivanov, Elizabeth"]
[Black "Yontar, Sabrican Onay"]
[Result "0-1"]
[WhiteElo "1738"]
[BlackElo "1941"]
[WhiteTeam "Wood Green Youth"]
[BlackTeam "Generation XYZA"]
[WhiteFideId "427284"]
[BlackFideId "6373623"]
[EventDate "2025.06.14"]
[EventType "team"]

1. e4 e5 2. Nf3 Nc6 3. Bb5 Nd4 4. Nc3 Nxb5 5. Nxb5 c6 6. Nc3 Qf6 7. d3 h6 8. Ne2
d5 9. Ng3 Bg4 10. Qe2 Bc5 11. exd5 Bxf3 12. Qxf3 Qxf3 13. gxf3 cxd5 14. c4 dxc4
15. dxc4 Nf6 16. Ne4 Be7 17. Be3 a6 18. a3 Rc8 19. b3 O-O 20. Rg1 Kh7 21. Rd1
Nxe4 22. fxe4 Bxa3 23. Rd7 b5 24. cxb5 axb5 25. Rd5 Bb2 26. Rxb5 Rb8 27. Bc5
Rfc8 28. Rxb8 Rxb8 29. b4 Bc3+ 30. Ke2 g6 31. Rb1 f5 32. exf5 gxf5 33. b5 Kg6
34. b6 Rb7 35. Rd1 e4 36. Rd6+ Kg5 37. Rc6 Be5 38. Re6 Bxh2 39. Be7+ Kh5 40. Rf6
Rxe7 41. Rxf5+ Kg6 42. Rb5 Rb7 43. Ke3 Bd6 44. Kxe4 Be7 45. Kd5 Rd7+ 46. Ke6 Rb7
47. Kd5 Bg5 48. Kc6 Rf7 49. b7 Bf4 50. b8=Q Bxb8 51. Rxb8 Rxf2 52. Rb1 h5 53.
Kd5 Kf5 54. Kd4 Kf4 55. Rh1 Rd2+ 56. Kc3 Rd5 57. Kc4 Re5 58. Kd3 Kf3 59. Kd4 Ra5
60. Kd3 h4 61. Kd2 Kg3 62. Ke2 Ra2+ 63. Ke3 h3 0-1

[Event "FIDE World Bl Team Pool C"]
[Site "London ENG"]
[Date "2025.06.14"]
[Round "13.1"]
[White "Zakarian, David"]
[Black "Fromm, Marius"]
[Result "1/2-1/2"]
[WhiteTitle "FM"]
[BlackTitle "IM"]
[WhiteElo "2301"]
[BlackElo "2444"]
[WhiteTeam "ANI"]
[BlackTeam "Berlin Chess Federation"]
[WhiteFideId "13301276"]
[BlackFideId "12993190"]
[EventDate "2025.06.14"]
[EventType "team"]

1. e4 e6 2. Nf3 d5 3. e5 c5 4. a3 d4 5. b4 cxb4 6. Bb2 Nc6 7. Bb5 Bd7 8. O-O Nh6
9. Bd3 Bc5 10. Re1 O-O 11. Qe2 Nf5 12. Qe4 bxa3 13. Bxa3 Bxa3 14. Rxa3 Nb4 15.
Nxd4 Nxd3 16. Rxd3 Qc7 17. Nc3 Nxd4 18. Qxd4 Bc6 19. Rh3 Rad8 20. Qh4 h6 21. Rg3
Kh8 22. Qg4 f5 23. exf6 Rxf6 24. h4 Rxd2 25. Rxe6 Rdxf2 26. Ne4 Rxe6 27. Qxe6
Bxe4 28. Kxf2 Qf4+ 29. Kg1 Qxg3 30. Qe8+ Kh7 31. Qxe4+ Qg6 32. Qxb7 Qxc2 33.
Qxa7 Qc1+ 34. Kh2 Qf4+ 35. g3 Qd2+ 36. Kh3 Qd5 37. Qe3 Qh1+ 38. Kg4 Qd1+ 39. Kh3
Qd7+ 40. Kg2 Qg4 41. Qf3 Qxf3+ 42. Kxf3 g6 43. Ke4 1/2-1/2

[Event "FIDE World Bl Team Pool C"]
[Site "London ENG"]
[Date "2025.06.14"]
[Round "13.2"]
[White "Schneider, Ilja"]
[Black "Kiremitciyan, Ari"]
[Result "1-0"]
[WhiteTitle "IM"]
[BlackTitle "FM"]
[WhiteElo "2417"]
[BlackElo "2271"]
[WhiteTeam "Berlin Chess Federation"]
[BlackTeam "ANI"]
[WhiteFideId "4663306"]
[BlackFideId "6373445"]
[EventDate "2025.06.14"]
[EventType "team"]

1. e4 c6 2. d4 d5 3. exd5 cxd5 4. c4 Nf6 5. Nc3 g6 6. Qb3 Bg7 7. cxd5 O-O 8. Be2
Na6 9. Bf3 Qb6 10. Nge2 Rd8 11. O-O Qxb3 12. axb3 Nb4 13. d6 Rxd6 14. Bf4 Ra6
15. Nb5 Nbd5 16. Rxa6 bxa6 17. Nc7 Nxf4 18. Nxa8 Nxe2+ 19. Bxe2 Nd5 20. Rc1 Bb7
21. Nc7 Bxd4 22. Bf3 Nxc7 23. Rxc7 Bxf3 24. gxf3 e5 25. b4 h5 26. b3 Kg7 27. Rc2
Kf6 28. Ra2 Kf5 29. Rxa6 f6 30. b5 h4 31. Kg2 g5 32. Rc6 Bb6 33. h3 Bd4 34. Kf1
Bb6 35. Ke2 Bd4 36. b4 Bb6 37. Rc4 Ke6 38. Rc6+ Kf5 39. Ke1 Bd4 40. Kf1 Bb6 41.
Ke2 Bd4 42. Rc5 Ke6 43. Rc6+ Kf5 44. Rd6 Bb6 45. Rd2 Kf4 46. Rc2 Kf5 47. Rc4 Ke6
48. Kd3 Kf5 49. Re4 Bxf2 50. Kc4 Bb6 51. Kd5 Bf2 52. Kd6 Bd4 53. Ke7 Kg6 54. Ke6
f5 55. Re2 g4 56. fxg4 fxg4 57. Re4 g3 58. Rxh4 Bf2 59. Rg4+ Kh5 60. Kxe5 Be1
61. Kf4 Bxb4 62. Kxg3 1-0

[Event "FIDE World Bl Team Pool C"]
[Site "London ENG"]
[Date "2025.06.14"]
[Round "13.3"]
[White "Stepanyan, Henrik"]
[Black "Florstedt, Johannes"]
[Result "1-0"]
[BlackTitle "FM"]
[WhiteElo "2200"]
[BlackElo "2391"]
[WhiteTeam "ANI"]
[BlackTeam "Berlin Chess Federation"]
[WhiteFideId "401030"]
[BlackFideId "12922293"]
[EventDate "2025.06.14"]
[EventType "team"]

1. d4 Nf6 2. c4 g6 3. Nc3 d5 4. cxd5 Nxd5 5. Bd2 Nb6 6. Nf3 Bg7 7. Bf4 c5 8.
dxc5 Bxc3+ 9. bxc3 Qxd1+ 10. Rxd1 Na4 11. Rc1 Nxc5 12. g3 Be6 13. a3 Nbd7 14.
Bg2 Nb3 15. Rd1 Rc8 16. Nd4 Rxc3 17. Nxe6 fxe6 18. Bxb7 Nbc5 19. Bc6 Nd3+ 20.
Rxd3 Rxc6 21. O-O Nf6 22. Rb1 Kf7 23. Rb7 a6 24. Bg5 Rhc8 25. Bxf6 Kxf6 26. Rf3+
Ke5 27. Rxe7 R8c7 28. Re8 Rc3 29. Ref8 a5 30. a4 R7c4 31. Rxc3 Rxc3 32. Ra8 Rc5
33. Kg2 Kd4 34. Kf3 Rf5+ 35. Kg2 Kc3 36. Rb8 Kd2 37. e4 Rc5 38. Rb5 Rc4 39. Rxa5
Rxe4 40. Ra7 h5 41. a5 Ra4 42. Re7 Rxa5 43. Rxe6 g5 44. h3 Kd3 45. Rh6 g4 46.
hxg4 hxg4 47. Rg6 Ra4 48. Re6 Re4 49. Rxe4 Kxe4 50. Kf1 Kd4 51. Ke1 Ke4 52. Ke2
Kd4 53. f4 Kd5 1-0

[Event "FIDE World Bl Team Pool C"]
[Site "London ENG"]
[Date "2025.06.14"]
[Round "13.4"]
[White "Schulze, Lara"]
[Black "Zakarian, Dimitrios Levon"]
[Result "1-0"]
[WhiteTitle "FM"]
[WhiteElo "2317"]
[BlackElo "2079"]
[WhiteTeam "Berlin Chess Federation"]
[BlackTeam "ANI"]
[WhiteFideId "12956830"]
[BlackFideId "453080"]
[EventDate "2025.06.14"]
[EventType "team"]

1. e4 c5 2. Nf3 e6 3. b3 b6 4. d4 cxd4 5. Nxd4 Bb7 6. Nd2 a6 7. Bb2 d6 8. Qe2
Nf6 9. O-O-O Nbd7 10. g4 Nc5 11. Bg2 Qc7 12. g5 Nfd7 13. h4 Rc8 14. Kb1 Be7 15.
f4 b5 16. Rc1 Nb6 17. h5 d5 18. h6 Bf8 19. Nxb5 axb5 20. hxg7 Bxg7 21. Bxg7 Rg8
22. Be5 Qd7 23. Rxh7 Ba6 24. Rch1 Nba4 25. Rh8 Ke7 26. Rxg8 Rxg8 27. exd5 b4 28.
Qe3 Nc3+ 29. Bxc3 bxc3 30. Qxc5+ Ke8 31. Qxc3 Bb7 32. Ne4 1-0

[Event "FIDE World Bl Team Pool C"]
[Site "London ENG"]
[Date "2025.06.14"]
[Round "13.5"]
[White "Grigoryan, Meri"]
[Black "Rath, Alina"]
[Result "1/2-1/2"]
[WhiteTitle "WFM"]
[BlackTitle "CM"]
[WhiteElo "1980"]
[BlackElo "2019"]
[WhiteTeam "ANI"]
[BlackTeam "Berlin Chess Federation"]
[WhiteFideId "13300571"]
[BlackFideId "24607886"]
[EventDate "2025.06.14"]
[EventType "team"]

1. e4 c5 2. f4 Nc6 3. Nf3 g6 4. Bb5 Nd4 5. Bd3 Bg7 6. c3 Nc6 7. O-O d5 8. e5 e6
9. Bc2 d4 10. d3 dxc3 11. bxc3 Nge7 12. d4 cxd4 13. cxd4 O-O 14. Nc3 b6 15. Kh1
Bb7 16. Ba3 Qd7 17. Ne4 Rfd8 18. Nd6 Ba6 19. Re1 Nf5 20. Bxf5 exf5 21. Ng5 Rf8
22. Rc1 Nd8 23. d5 h6 24. Nf3 Kh7 25. Rc3 Nb7 26. Qc1 Nxd6 27. Bxd6 Rfc8 28.
Ree3 Bb7 29. Red3 Rxc3 30. Qxc3 Rc8 31. Qd2 Qb5 32. h4 Ba6 33. Rb3 Qc4 34. h5
Bb7 35. Rd3 Ba6 36. Rd4 Qf1+ 37. Kh2 Rc1 38. Kg3 Rb1 39. hxg6+ fxg6 40. Rb4 Rd1
41. Qf2 Qxf2+ 42. Kxf2 Rxd5 43. Ra4 Ra5 44. Rxa5 bxa5 45. Bb8 Bc4 46. a3 a6 47.
Nd4 Bf8 48. Bd6 Kg8 49. Bc7 Bc5 50. Ke3 Kf7 51. Bxa5 Bxd4+ 52. Kxd4 Bf1 53. g3
g5 54. Bd2 gxf4 55. Bxf4 h5 56. Bg5 Ke6 57. Bf6 Be2 58. Ke3 Bd1 59. Kf4 Be2 60.
Kg5 Bg4 1/2-1/2

[Event "FIDE World Bl Team Pool C"]
[Site "London ENG"]
[Date "2025.06.14"]
[Round "13.6"]
[White "Ziems, Michael"]
[Black "Mesropyan, Hayk"]
[Result "0-1"]
[WhiteElo "1904"]
[BlackElo "1866"]
[WhiteTeam "Berlin Chess Federation"]
[BlackTeam "ANI"]
[WhiteFideId "24678490"]
[BlackFideId "499455"]
[EventDate "2025.06.14"]
[EventType "team"]

1. d4 d5 2. c4 e6 3. Nc3 Nf6 4. Bf4 Be7 5. Nf3 O-O 6. e3 b6 7. Be2 Bb7 8. O-O
Nh5 9. Be5 f6 10. Bg3 Nxg3 11. hxg3 c6 12. Rc1 Nd7 13. e4 dxe4 14. Nxe4 c5 15.
d5 exd5 16. cxd5 Ne5 17. Nxe5 fxe5 18. Bc4 Bd6 19. Qg4 Bc8 20. Qe2 Bf5 21. Rfe1
Bxe4 22. Qxe4 Qf6 23. f3 a6 24. a4 Rfb8 25. Qe2 h6 26. Bxa6 e4 27. fxe4 Bxg3 28.
e5 Qh4 29. Red1 Qh2+ 0-1

[Event "FIDE World Bl Team Pool C"]
[Site "London ENG"]
[Date "2025.06.14"]
[Round "13.1"]
[White "Kogan, Arthur"]
[Black "Momunaliev, Ruslan"]
[Result "1-0"]
[WhiteTitle "GM"]
[BlackTitle "CM"]
[WhiteElo "2475"]
[BlackElo "2214"]
[WhiteTeam "OlalaStars"]
[BlackTeam "Youth KG"]
[WhiteFideId "2800802"]
[BlackFideId "13812211"]
[EventDate "2025.06.14"]
[EventType "team"]

1. e4 c5 2. Nc3 Nc6 3. Bb5 g6 4. Bxc6 dxc6 5. d3 Bg7 6. Be3 b6 7. Qd2 e5 8. Nge2
Nf6 9. Bh6 Bxh6 10. Qxh6 Be6 11. h3 Qe7 12. f4 exf4 13. Nxf4 Ng8 14. Qg7 Qh4+
15. Ke2 Qxf4 16. Qxh8 O-O-O 17. Raf1 Qg3 18. Rf2 c4 19. d4 f6 20. Rd1 b5 21.
Qxh7 b4 22. Na4 Rd7 23. Qh8 Re7 24. Nc5 Bf7 25. Kf1 Qg5 26. Qg7 c3 27. Qf8+ Kc7
28. bxc3 Bc4+ 29. Kg1 Nh6 30. Qxe7+ 1-0

[Event "FIDE World Bl Team Pool C"]
[Site "London ENG"]
[Date "2025.06.14"]
[Round "13.2"]
[White "Beknazarov, Emir"]
[Black "Krivenko, Dion"]
[Result "0-1"]
[BlackTitle "FM"]
[WhiteElo "1878"]
[BlackElo "2243"]
[WhiteTeam "Youth KG"]
[BlackTeam "OlalaStars"]
[WhiteFideId "13816063"]
[BlackFideId "4508378"]
[EventDate "2025.06.14"]
[EventType "team"]

1. e4 g6 2. d4 d6 3. f4 c6 4. g3 d5 5. Bg2 dxe4 6. Bxe4 Nf6 7. Bf3 Bg7 8. Ne2
Bh3 9. Be3 O-O 10. Nbc3 Nbd7 11. Qd2 Nb6 12. b3 a5 13. a4 Nbd5 14. Nxd5 Nxd5 15.
Bf2 Qd7 16. Ng1 Bf5 17. Ne2 Rfd8 18. O-O h5 19. Rfd1 h4 20. Bg2 h3 21. Bh1 Bg4
22. Re1 Bf5 23. c4 Nb4 24. Rad1 Bc2 25. Rb1 Bxb1 26. Rxb1 Qf5 27. Rd1 Qc2 28.
Qxc2 Nxc2 29. Rd2 Nb4 30. Bf3 f5 31. Bh1 Rd7 32. Kf1 Rad8 33. Ke1 Na6 34. Kd1
Bf6 35. Kc1 Kg7 36. Bf3 Nb4 37. g4 e6 38. g5 Be7 39. Kb2 Na6 40. Rd1 Nb4 41. Rd2
Kf7 42. Bh1 Bf8 43. Nc3 Bg7 44. Ne2 c5 45. Ka3 Bxd4 46. Bxd4 cxd4 47. Ng1 d3 48.
Nf3 Kg7 49. Ne5 Rd4 50. Bxb7 Rxf4 51. Kb2 Rf1 52. Nc6 Nxc6 53. Bxc6 Re1 54. Kc3
e5 55. Rxd3 Rxd3+ 56. Kxd3 e4+ 57. Kd2 Rb1 58. Kc2 e3 59. Bf3 Rf1 60. Be2 Rf2
61. Kd3 f4 62. Bg4 Rd2+ 63. Kc3 Re2 0-1